[Event "Open Ricany 2011"]
[Site "http://www.openricany.cz"]
[Date "2011.08.20"]
[Round "1.35"]
[White "Hampel, Rudolf"]
[Black "Pospisil, Martin"]
[Result "1-0"]
[WhiteElo "1837"]
[BlackElo "2035"]

1. e4 c5 2. Nc3 Nc6 3. f4 d6 4. Nf3 g6 5. Bc4 Bg7 6. O-O e6 7. Qe1 Nge7 8. d3
a6 9. a4 O-O 10. Qh4 d5 11. Bb3 Nd4 12. Nxd4 cxd4 13. Ne2 dxe4 14. dxe4 d3
15. Nc3 d2 16. Bxd2 Qxd2 17. Qxe7 Qe3+ 18. Kh1 Bxc3 19. bxc3 Qxe4 20. h4 h5
21. Rae1 Qc6 22. Qf6 Bd7 23. Re5 Qxc3 24. Rf3 Qd4 25. Rg3 Qd1+ 26. Kh2 Kh7
27. Ree3 1-0

[Event "Open Ricany 2011"]
[Site "http://www.openricany.cz"]
[Date "2011.08.20"]
[Round "1.8"]
[White "Gregor, Jiri"]
[Black "Hybl, Vladislav"]
[Result "1-0"]
[WhiteElo "2262"]
[BlackElo "1925"]

1. d4 d5 2. c4 c6 3. Nc3 Nf6 4. Nf3 e6 5. Bg5 h6 6. Bh4 Nbd7 7. e3 Bd6 8. Qc2
a6 9. a4 O-O 10. Be2 dxc4 11. O-O Rb8 12. Bxc4 b5 13. Bd3 Bb7 14. Ne4 Be7
15. Bg3 Ra8 16. Nc5 Nxc5 17. dxc5 Nh5 18. Rfd1 Qe8 19. Bd6 Nf6 20. e4 Bxd6
21. cxd6 e5 22. Qc3 Nd7 23. b4 Rc8 24. Qa3 c5 25. axb5 c4 26. bxa6 Bxa6 27. Qxa6
cxd3 28. Qxd3 1-0

[Event "Open Ricany 2011"]
[Site "http://www.openricany.cz"]
[Date "2011.08.20"]
[Round "1.48"]
[White "Marik, Miroslav"]
[Black "Ruzicka, Vaclav"]
[Result "1-0"]
[WhiteElo "1988"]
[BlackElo "1740"]

1. e4 e5 2. Nf3 Nf6 3. Nc3 Bb4 4. Bc4 d6 5. d3 O-O 6. O-O Bxc3 7. bxc3 c6
8. Bb3 h6 9. h3 c5 10. Nh2 Nc6 11. f4 Na5 12. Qf3 Nxb3 13. axb3 Nh7 14. f5 Qf6
15. Qg3 h5 16. Qf2 Bd7 17. g4 h4 18. Nf3 g5 19. Qd2 Qh6 20. Nxg5 f6 21. Nxh7
Qxd2 22. Nxf6+ Rxf6 23. Bxd2 Rf7 24. c4 b6 25. b4 b5 26. cxb5 Bxb5 27. c4 Be8
28. b5 a6 29. Ra5 Bd7 30. Rfa1 Bc8 31. bxa6 Rfa7 32. Kf2 Rxa6 33. Rxa6 Rxa6
34. Rxa6 Bxa6 35. Bg5 Kf7 36. Bxh4 Bc8 37. g5 Bd7 38. g6+ Kf8 39. Bf6 Ke8 40. h4
1-0

[Event "Open Ricany 2011"]
[Site "http://www.openricany.cz"]
[Date "2011.08.20"]
[Round "1.39"]
[White "Maly, Dusan"]
[Black "Svitak, David"]
[Result "0-1"]
[WhiteElo "1809"]
[BlackElo "2015"]

1. e4 c5 2. b3 d6 3. Bb2 Nc6 4. Bb5 Qc7 5. Qe2 Bd7 6. Bxc6 Bxc6 7. f4 e6 8. Nf3
O-O-O 9. O-O f6 10. a4 d5 11. e5 f5 12. a5 h6 13. a6 b6 14. Nc3 Be7 15. Nb5 Bxb5
16. Qxb5 g5 17. g3 g4 18. Ne1 h5 19. d4 h4 20. Nd3 hxg3 21. hxg3 Rh3 22. Kg2 Qd7
23. Qxd7+ Kxd7 24. Rh1 Nh6 25. Rxh3 gxh3+ 26. Kf3 Ng4 27. Rh1 Rh8 28. Nf2 Nxf2
29. Kxf2 Kc6 30. c4 dxc4 31. bxc4 cxd4 32. Bxd4 Bc5 33. Ke3 h2 34. Bxc5 Kxc5
35. Kf3 Kxc4 36. g4 fxg4+ 37. Kxg4 Kd4 38. Kf3 b5 39. Rd1+ Kc3 40. Rh1 b4 41. f5
exf5 42. Kf4 b3 0-1

[Event "Open Ricany 2011"]
[Site "http://www.openricany.cz"]
[Date "2011.08.20"]
[Round "1.46"]
[White "Kovar, Jan"]
[Black "Stork, Rostislav"]
[Result "1-0"]
[WhiteElo "2002"]
[BlackElo "1759"]

1. d4 Nf6 2. c4 g6 3. Nc3 Bg7 4. e4 d6 5. f3 O-O 6. Be3 Nc6 7. Bd3 e5 8. d5 Ne7
9. Qd2 Nd7 10. g4 a6 11. h4 f5 12. gxf5 gxf5 13. Bg5 Nc5 14. Bc2 b5 15. b4 fxe4
16. fxe4 Na4 17. Nxa4 bxa4 18. h5 a3 19. Qg2 c5 20. h6 Qb6 21. hxg7 Rf7 22. Bxe7
Qxb4+ 23. Kd1 Bg4+ 24. Qxg4 Rf1+ 25. Ke2 Rxa1 26. Qe6+ Kxg7 27. Bf6+ Kg6
28. Bxe5+ Kg5 29. Nf3# 1-0

[Event "Open Ricany 2011"]
[Site "http://www.openricany.cz"]
[Date "2011.08.20"]
[Round "1.51"]
[White "Nigrin, Jiri"]
[Black "Popelka, Pavel"]
[Result "1/2-1/2"]
[WhiteElo "1700"]
[BlackElo "1984"]

1. c4 Nf6 2. Nc3 e5 3. g3 Be7 4. Bg2 O-O 5. Nf3 Nc6 6. O-O d6 7. d4 Bg4 8. dxe5
dxe5 9. Qxd8 Rfxd8 10. Bg5 h6 11. Bxf6 Bxf6 12. Ne4 Nd4 13. Nxd4 exd4 14. Nxf6+
gxf6 15. Rfe1 c6 16. h3 Be6 17. b3 Rd7 18. Rad1 Rad8 19. Rd2 Kg7 20. Red1 Kg6
21. g4 f5 22. Bf3 fxg4 23. Bxg4 Kg5 24. Bxe6 fxe6 25. Kh2 c5 26. Rd3 Rf7
27. Rg1+ Kh5 28. f3 Rdd7 29. Rg4 e5 30. Rd1 d3 31. Re4 Rf5 32. Rxd3 1/2-1/2

[Event "Open Ricany 2011"]
[Site "http://www.openricany.cz"]
[Date "2011.08.20"]
[Round "1.24"]
[White "Janicek, Jindrich"]
[Black "Lorenc, Tomas"]
[Result "1-0"]
[WhiteElo "2077"]
[BlackElo "1875"]

1. Nf3 Nf6 2. c4 g6 3. Nc3 Bg7 4. d4 O-O 5. e4 d6 6. Be2 Bg4 7. Be3 Nfd7 8. h3
Bxf3 9. Bxf3 Nc6 10. d5 Na5 11. Be2 c6 12. Rc1 cxd5 13. exd5 b6 14. Qd2 Ne5
15. Nb5 Qd7 16. b3 f5 17. Nd4 Bh8 18. Ne6 Rfe8 19. Bd4 Nac6 20. Bc3 Nd8 21. f4
Nef7 22. Nd4 e5 23. dxe6 Nxe6 24. O-O Nc5 25. Bf3 Ne4 26. Bxe4 fxe4 27. Nb5 d5
28. Bxh8 Nxh8 29. Nc3 e3 30. Qxd5+ Qxd5 31. Nxd5 Kg7 32. Rf3 e2 33. Re1 Re5
34. b4 1-0

[Event "Open Ricany 2011"]
[Site "http://www.openricany.cz"]
[Date "2011.08.20"]
[Round "1.28"]
[White "Holub, Milan"]
[Black "Rezac, Jindrich"]
[Result "1-0"]
[WhiteElo "2061"]
[BlackElo "1862"]

1. d4 d5 2. Bf4 e6 3. e3 Bd6 4. Bg3 Nf6 5. Nd2 O-O 6. Ngf3 Nc6 7. c3 Re8 8. Ne5
Ne7 9. Bd3 Ng6 10. f4 c5 11. O-O cxd4 12. exd4 Bd7 13. Qc2 Rc8 14. Ndf3 Qb6
15. Qe2 Rf8 16. h4 Qc7 17. Ng5 Nh8 18. Ng4 Ng6 19. Nxf6+ gxf6 20. Nh3 Kh8 21. h5
Ne7 22. Bh4 Ng8 23. Qg4 e5 24. Bf5 Bxf5 25. Qxf5 Be7 26. fxe5 fxe5 27. Bg3 f6
28. Ng5 Bd6 29. Ne6 Nh6 30. Qh3 Qd7 31. Nxf8 Qxh3 32. gxh3 Bxf8 33. dxe5 fxe5
34. Bxe5+ Bg7 35. Bxg7+ Kxg7 36. Rae1 Rc7 37. Re3 1-0

[Event "Open Ricany 2011"]
[Site "http://www.openricany.cz"]
[Date "2011.08.20"]
[Round "1.38"]
[White "Skala, Jaromir"]
[Black "Eisner, Oldrich"]
[Result "1-0"]
[WhiteElo "2020"]
[BlackElo "1822"]

1. d4 Nf6 2. c4 d6 3. Nc3 e5 4. d5 Be7 5. e4 O-O 6. Bd3 Nbd7 7. Nge2 Nc5 8. b4
Nxd3+ 9. Qxd3 a5 10. bxa5 Rxa5 11. Bd2 Ra8 12. O-O Nd7 13. Be3 Bg5 14. Bxg5 Qxg5
15. f4 exf4 16. Nxf4 Nc5 17. Qd4 Qe5 18. Qxe5 dxe5 19. Nfe2 Bg4 20. Ng3 Rfd8
21. h3 Bd7 22. Rf3 Nb3 23. Rd1 Nd4 24. Rfd3 Ra3 25. R1d2 c5 26. Rb2 Rb8 27. Nh5
Rxc3 28. Rxc3 b6 29. Nf6+ 1-0

[Event "Open Ricany 2011"]
[Site "http://www.openricany.cz"]
[Date "2011.08.20"]
[Round "1.18"]
[White "Wassebauer, Radek"]
[Black "Burianek, Petr"]
[Result "1-0"]
[WhiteElo "2145"]
[BlackElo "1892"]

1. e4 e5 2. Nf3 Nc6 3. Bc4 Nf6 4. Ng5 d5 5. exd5 Na5 6. Bb5+ c6 7. dxc6 bxc6
8. Be2 h6 9. Nh3 Bd6 10. d3 Rb8 11. Nc3 Qe7 12. Ne4 Nxe4 13. dxe4 Rb5 14. Bd3
Be6 15. O-O O-O 16. c3 Rbb8 17. Kh1 Rfd8 18. Qe2 Qd7 19. b4 Nb7 20. Rd1 Bxh3
21. gxh3 Qxh3 22. Rg1 Kf8 23. Be3 Qd7 24. Bxa7 Ra8 25. Bb6 Re8 26. Bc4 Qe7
27. Be3 Ra3 28. Qg4 g5 29. Bb3 c5 30. h4 f6 31. hxg5 hxg5 32. Bxg5 Qh7+ 33. Bh4
c4 34. Bxc4 Rxc3 35. Bd5 Nd8 36. Qg8+ Qxg8 37. Rxg8+ Ke7 38. Bxf6+ 1-0

[Event "Open Ricany 2011"]
[Site "http://www.openricany.cz"]
[Date "2011.08.20"]
[Round "1.15"]
[White "Starek, Stanislav"]
[Black "Koupat, Vratislav"]
[Result "0-1"]
[WhiteElo "1912"]
[BlackElo "2153"]

1. d4 d5 2. Bf4 Nf6 3. e3 c5 4. Nf3 Nc6 5. c3 Qb6 6. Qc2 cxd4 7. exd4 Bf5
8. Qxf5 Qxb2 9. Nfd2 e6 10. Qd3 Qxa1 11. Qc2 Ba3 12. Qb3 Bc1 13. Kd1 Bxd2
14. Bxd2 O-O 15. Bd3 Ne4 16. Bxe4 dxe4 17. Re1 Na5 18. Qc2 Nc4 19. Bc1 e5
20. Rxe4 exd4 21. Rxd4 Rad8 22. Rxd8 Rxd8+ 23. Ke2 h6 24. f4 b5 25. g4 b4 26. g5
hxg5 27. fxg5 bxc3 28. g6 fxg6 29. Qxg6 0-1

[Event "Open Ricany 2011"]
[Site "http://www.openricany.cz"]
[Date "2011.08.20"]
[Round "1.47"]
[White "Koller, Martin"]
[Black "Dungl, Martin"]
[Result "0-1"]
[WhiteElo "1758"]
[BlackElo "2001"]

1. d4 Nf6 2. c4 e6 3. Nc3 Bb4 4. Qc2 Nc6 5. Nf3 O-O 6. Bg5 h6 7. Bh4 g5 8. Bg3
g4 9. O-O-O gxf3 10. gxf3 Nh5 11. e4 Nxg3 12. hxg3 Bxc3 13. Qxc3 Qg5+ 14. f4 Qg7
15. f5 d6 16. f6 Qxf6 17. Qe3 Kg7 18. e5 dxe5 19. dxe5 Nxe5 20. Be2 Rh8 21. f4
Ng6 22. Bh5 b6 23. Bxg6 Qxg6 24. g4 Bb7 25. Rhg1 Rad8 26. Rxd8 Rxd8 27. g5 h5
28. Qe5+ Kh7 29. f5 exf5 30. Qxc7 Qd6 31. Qxf7+ Kh8 32. Qxh5+ Kg7 33. g6 Qd2+
34. Kb1 Be4+ 35. Ka1 0-1

[Event "Open Ricany 2011"]
[Site "http://www.openricany.cz"]
[Date "2011.08.20"]
[Round "1.49"]
[White "Havlicek, Pavel"]
[Black "Kubik,Jaroslav"]
[Result "0-1"]
[WhiteElo "1735"]
[BlackElo "1987"]

1. b4 e5 2. Bb2 d6 3. e3 Nf6 4. c4 g6 5. Nf3 Bg7 6. d4 exd4 7. exd4 O-O 8. Be2
Re8 9. O-O Nc6 10. a3 Bg4 11. Nbd2 Nh5 12. Re1 Nf4 13. Rb1 Nxe2+ 14. Rxe2 Rxe2
15. Qxe2 Nxd4 16. Bxd4 Bxd4 17. Re1 Bxf3 18. Qxf3 Qf6 19. Qe2 Be5 20. g3 Re8
21. Kg2 Re6 22. Ne4 Qf5 23. Qd2 Bg7 24. f3 Qe5 25. Rd1 Qb2 26. a4 Qxd2+ 27. Rxd2
f5 28. Ng5 Re7 29. Kf2 Bh6 30. h4 Bxg5 31. hxg5 Kf7 32. Rd4 Ke8 33. b5 Kd7
34. Rd1 c6 35. c5 d5 36. Rb1 Kc7 37. a5 cxb5 0-1

[Event "Open Ricany 2011"]
[Site "http://www.openricany.cz"]
[Date "2011.08.20"]
[Round "1.14"]
[White "Kubikova, Hana"]
[Black "Forman, Miroslav"]
[Result "1-0"]
[WhiteElo "2159"]
[BlackElo "1912"]

1. d4 d6 2. Nf3 g6 3. g3 Bg7 4. Bg2 Nf6 5. c4 O-O 6. O-O c6 7. Nc3 Bg4 8. h3
Bxf3 9. Bxf3 Nbd7 10. e4 e5 11. d5 cxd5 12. Nxd5 Nxd5 13. Qxd5 Nb6 14. Qd3 Qc8
15. b3 Qxh3 16. Qxd6 Rfd8 17. Qb4 Bf8 18. Qb5 Qd7 19. Qxd7 Nxd7 20. Bb2 f6
21. Rad1 Nc5 22. Rd5 Rxd5 23. exd5 Nd3 24. Bc3 Bb4 25. Bxb4 Nxb4 26. d6 Rd8
27. a3 Nc2 28. c5 Nxa3 29. Bxb7 Nb5 30. Rd1 Kf8 31. c6 Rxd6 32. Rxd6 Nxd6 33. c7
Ke7 34. c8=Q Nxc8 35. Bxc8 Kd6 36. Kf1 Kd5 37. Ke2 Kd4 38. Be6 h6 39. Bf7 g5
40. g4 Ke4 41. f3+ Kd4 42. Bg6 Kc3 43. Bf7 Kd4 44. Be6 e4 45. Bf5 exf3+ 46. Kxf3
Ke5 47. Bg6 Kd4 48. Ke2 Ke5 49. Ke3 Kd5 50. b4 Ke5 51. b5 Kd5 52. Bf5 Ke5
53. Be4 1-0

[Event "Open Ricany 2011"]
[Site "http://www.openricany.cz"]
[Date "2011.08.20"]
[Round "1.44"]
[White "Maly, Filip"]
[Black "Vrecion, Jiri"]
[Result "1-0"]
[WhiteElo "2007"]
[BlackElo "1771"]

1. Nf3 d5 2. g3 Nf6 3. Bg2 c5 4. O-O Nc6 5. d3 e5 6. Nc3 Be7 7. Re1 O-O 8. e4
d4 9. Nd5 Be6 10. Nxe7+ Qxe7 11. Nh4 Nd7 12. Nf5 Qd8 13. Qg4 g6 14. Nh6+ Kg7
15. Qe2 Nf6 16. f4 Qc7 17. Rf1 Rae8 18. f5 Bc8 19. Bg5 Qd6 20. Qd2 Nb8 21. Bxf6+
Qxf6 22. Ng4 Qd6 23. Qg5 Nd7 24. Rf2 Rh8 25. Raf1 f6 26. Qh6+ Kf7 27. fxg6+ hxg6
28. Qg5 Re6 29. Nh6+ Kf8 30. Qxg6 Qe7 31. Bh3 Qg7 32. Qxg7+ Kxg7 33. Bxe6 Rxh6
34. c3 Nb6 35. Bxc8 Nxc8 36. cxd4 1-0

[Event "Open Ricany 2011"]
[Site "http://www.openricany.cz"]
[Date "2011.08.20"]
[Round "1.17"]
[White "Marikova, Jana"]
[Black "Haman, Jakub"]
[Result "0-1"]
[WhiteElo "1897"]
[BlackElo "2146"]

1. d4 Nf6 2. c4 c5 3. e3 e6 4. Nf3 Be7 5. Nc3 b6 6. Be2 O-O 7. O-O d6 8. Qc2
Bb7 9. a3 Nbd7 10. b4 cxd4 11. exd4 Rc8 12. Nd2 Qc7 13. Bb2 a6 14. Rac1 Qb8
15. Qb3 Rc7 16. f3 Qa8 17. Bd3 Rfc8 18. Rfe1 Nf8 19. Nce4 Nh5 20. Nf2 Nf4
21. Bf1 h5 22. Rc2 h4 23. Rec1 f5 24. Nd3 N8g6 25. Nxf4 Nxf4 26. Qe3 Bg5 27. Qf2
Nd5 28. Re1 Kf7 29. Nb3 f4 30. Bc1 Ne3 31. Rc3 Nxc4 32. Bxc4 Rxc4 33. Rxc4 Rxc4
34. Qe2 Qc8 35. g3 Rc3 36. gxf4 Bf6 37. Qb2 Bd5 38. Re3 Rxb3 0-1

[Event "Open Ricany 2011"]
[Site "http://www.openricany.cz"]
[Date "2011.08.20"]
[Round "1.12"]
[White "Vojta, Pavel"]
[Black "Lexa, Vaclav"]
[Result "1-0"]
[WhiteElo "2175"]
[BlackElo "1917"]

1. d4 Nf6 2. Nf3 g6 3. Bf4 d6 4. c3 Bg7 5. Nbd2 O-O 6. h3 c5 7. dxc5 dxc5 8. e4
Nc6 9. Qc2 a6 10. Rd1 Qe8 11. a4 e5 12. Be3 Qe7 13. Be2 Rd8 14. O-O h6 15. Nc4
Be6 16. Nb6 Rab8 17. Nd2 Bf8 18. f4 Qc7 19. Nbc4 Nd7 20. f5 Bxc4 21. Bxc4 Nb6
22. fxg6 Nxc4 23. gxf7+ Kg7 24. Nxc4 Rd7 25. Rxd7 Qxd7 26. Qf2 Qe6 27. Bxc5 Qxc4
28. Qg3+ 1-0

[Event "Open Ricany 2011"]
[Site "http://www.openricany.cz"]
[Date "2011.08.20"]
[Round "1.11"]
[White "Tvrdy, Jindrich"]
[Black "Haba, Zdenek"]
[Result "0-1"]
[WhiteElo "1920"]
[BlackElo "2207"]

1. e4 c5 2. Nc3 Nc6 3. g3 g6 4. Bg2 Bg7 5. d3 e6 6. Be3 Nd4 7. f4 Ne7 8. e5
Nef5 9. Bf2 d6 10. Nf3 Nxf3+ 11. Bxf3 dxe5 12. fxe5 Qc7 13. O-O Bxe5 14. Ne4 Bd4
15. c3 Bxf2+ 16. Rxf2 h5 17. Qd2 Qe7 18. d4 cxd4 19. cxd4 Bd7 20. Qa5 O-O
21. Qe5 f6 22. Qc7 Bc6 23. Qxe7 Nxe7 24. Nc5 e5 25. Bxc6 Nxc6 26. d5 Nb4 27. d6
f5 28. a3 Nc6 29. Nxb7 Rab8 30. Rc1 Rxb7 31. Rxc6 Rd7 32. Rd2 Kf7 33. Kf2 Ke6
34. Ke2 Rfd8 35. Ra6 Rb8 36. b4 Rb6 37. Ra5 Rbxd6 38. Rxd6+ Kxd6 39. Ra6+ Kd5
40. Rxg6 Rh7 41. Kd3 h4 42. Rg8 hxg3 43. hxg3 Rh3 44. Ke2 Ke4 45. Rg7 a6 46. a4
Rh2+ 47. Kf1 Kf3 48. Kg1 Rg2+ 49. Kh1 Ra2 50. b5 Rxa4 51. bxa6 Rxa6 52. Rg5 Rf6
53. Kg1 e4 54. Kf1 e3 55. g4 f4 56. Rc5 Ra6 57. Rc1 Rh6 0-1

[Event "Open Ricany 2011"]
[Site "http://www.openricany.cz"]
[Date "2011.08.20"]
[Round "1.10"]
[White "Klement, Lukas"]
[Black "Danilov, Viacheslav"]
[Result "1-0"]
[WhiteElo "2234"]
[BlackElo "1922"]

1. d4 d5 2. Nf3 Nf6 3. c4 e6 4. Nc3 Nbd7 5. g3 Be7 6. Bg2 O-O 7. O-O c5 8. cxd5
exd5 9. Bf4 Nb6 10. Rc1 Be6 11. Nb5 cxd4 12. Nfxd4 Bd7 13. Bc7 Qe8 14. Nd6 Bxd6
15. Bxd6 Nc4 16. Bxf8 Qxf8 17. b3 Nd6 18. Qd3 Nde4 19. Rc2 Qd6 20. Rfc1 Re8
21. e3 a6 22. f3 Ng5 23. h4 Ne6 24. Nf5 Qb8 25. Kf2 g6 26. Qc3 Nh5 27. Nh6+ Kf8
28. f4 d4 29. exd4 Nhxf4 30. Nxf7 Kxf7 31. gxf4 Nxf4 32. Qc7 Nd3+ 33. Kf1 Qxc7
34. Rxc7 Nxc1 35. Rxd7+ Re7 36. Bd5+ Kf6 37. Rd6+ Kf5 38. a4 Nd3 39. Bc4 Re1+
40. Kg2 Nf4+ 41. Kf2 Rb1 42. Kf3 b5 43. axb5 axb5 44. Bg8 h6 45. Rb6 Rf1+
46. Ke3 Re1+ 47. Kf3 Rf1+ 48. Ke3 Kg4 49. Rxb5 Rf3+ 50. Kd2 Rd3+ 51. Kc2 Rxd4
52. Rb6 Kxh4 53. b4 h5 54. b5 g5 55. Rf6 g4 56. b6 Nd5 57. b7 Ne3+ 58. Kc3 Rd8
59. Be6 Rb8 60. Kd3 Rxb7 61. Kxe3 Rb5 62. Kf2 Rb2+ 63. Kg1 Rb6 64. Kg2 Kg5
65. Rf5+ Kh4 66. Bf7 Rc6 67. Rxh5# 1-0

[Event "Open Ricany 2011"]
[Site "http://www.openricany.cz"]
[Date "2011.08.20"]
[Round "1.25"]
[White "Suchy, Ladislav"]
[Black "Voracek, Zdenek"]
[Result "0-1"]
[WhiteElo "1870"]
[BlackElo "2067"]

1. Nc3 d5 2. e4 d4 3. Nce2 e5 4. Ng3 Nf6 5. Bc4 Nc6 6. Nf3 Bd6 7. Qe2 Bg4 8. h3
Bd7 9. a3 Qe7 10. O-O h6 11. b4 g5 12. Bb2 O-O-O 13. Nf5 Bxf5 14. exf5 e4
15. Nxd4 Qe5 16. f4 gxf4 17. Nxc6 Qxb2 18. Nxd8 Qd4+ 19. Kh1 Rxd8 20. Bxf7 Qe5
21. Be6+ Kb8 22. Rae1 f3 23. gxf3 Nh5 24. Rg1 Ng3+ 25. Rxg3 Qxg3 26. fxe4 Be5
27. f6 Bxf6 28. Rg1 Qe5 29. Bf5 Qb2 30. Rg6 Qc1+ 31. Kg2 Rxd2 32. Rg8+ Bd8
33. Rxd8+ Rxd8 34. Kf3 Rd2 35. Qe3 Qd1+ 36. Kf4 Qh5 37. Ke5 Rd6 38. Qg3 Qe8+
39. Kf4 Qe7 40. c4 a6 41. b5 axb5 42. cxb5 Rd4 43. Qg8+ Rd8 44. Qb3 Qg5+ 45. Ke5
Re8+ 46. Kd4 Qd2+ 47. Kc4 Rd8 48. Qc3 Qa2+ 49. Kb4 Qb1+ 50. Ka5 Rd3 51. Qb4 b6+
52. Ka6 Qxb4 0-1

[Event "Open Ricany 2011"]
[Site "http://www.openricany.cz"]
[Date "2011.08.20"]
[Round "1.29"]
[White "Feierfeil, Jiri"]
[Black "Lacina, Filip"]
[Result "1-0"]
[WhiteElo "1858"]
[BlackElo "2059"]

1. d4 Nf6 2. c4 e5 3. dxe5 Ng4 4. Nf3 Bc5 5. e3 Nc6 6. Be2 O-O 7. O-O Ngxe5
8. Nxe5 Nxe5 9. Nc3 a6 10. b3 d6 11. Bb2 f5 12. Nd5 c6 13. Nf4 Qf6 14. Qd2 Qe7
15. Rfe1 a5 16. a3 Ng4 17. Bf1 Bd7 18. Bc3 Rfe8 19. Bd4 b6 20. b4 axb4 21. axb4
Qh4 22. Nh3 Bxb4 23. Qxb4 c5 24. Bxc5 bxc5 25. Qb7 Rad8 26. Red1 f4 27. exf4 Qf6
28. g3 h6 29. Re1 Rf8 30. Rad1 Be6 31. f3 Nxh2 32. Kxh2 Rb8 33. Qe4 Bf5 34. Qd5+
Kh8 35. Rd2 Rb6 36. g4 Qh4 37. Rde2 Bd7 38. Qd2 Rfb8 39. Bg2 h5 40. g5 Bxh3
41. Bxh3 Rb2 42. Qc1 Rb1 43. Re8+ Rxe8 44. Rxe8+ Kh7 45. Qxb1+ 1-0

[Event "Open Ricany 2011"]
[Site "http://www.openricany.cz"]
[Date "2011.08.20"]
[Round "1.7"]
[White "Paulovic, Milan"]
[Black "Svoboda, Vaclav"]
[Result "0-1"]
[WhiteElo "1933"]
[BlackElo "2286"]

1. d4 Nf6 2. Nf3 e6 3. e3 c5 4. Bd3 Nc6 5. O-O d5 6. c3 Be7 7. Nbd2 O-O 8. Re1
b6 9. a3 Bb7 10. Nf1 Qc7 11. Bd2 Rad8 12. b4 Bd6 13. Ng3 Ne7 14. Rc1 Ng6 15. Qe2
Qe7 16. Rb1 Ne4 17. Rf1 f5 18. Nh5 e5 0-1

[Event "Open Ricany 2011"]
[Site "http://www.openricany.cz"]
[Date "2011.08.20"]
[Round "1.32"]
[White "Horak, Vladimir"]
[Black "Hanl, Frantisek"]
[Result "1-0"]
[WhiteElo "2043"]
[BlackElo "1849"]

1. Nf3 Nf6 2. d4 g6 3. c4 Bg7 4. Nc3 d5 5. cxd5 Nxd5 6. e4 Nxc3 7. bxc3 c5
8. Be3 Qa5 9. Qd2 Nc6 10. Rb1 cxd4 11. cxd4 Qxd2+ 12. Kxd2 O-O 13. Bb5 f5
14. Bxc6 bxc6 15. exf5 Bxf5 16. Rb7 e6 17. Rc1 Be4 18. Ng5 Bd5 19. f3 c5
20. Rxg7+ Kxg7 21. dxc5 Rab8 22. Rc2 Rb4 23. c6 h6 24. Bc5 hxg5 25. Bxb4 Rc8
26. c7 g4 27. fxg4 Bxg2 28. Ke3 Bd5 29. Kd4 Bf3 30. g5 Bg4 31. Bd6 Kf7 32. Kc5
Ke8 33. Be5 Kd7 34. Rd2+ Ke8 35. Kd6 a5 36. Rb2 Be2 37. Rxe2 a4 38. Rb2 a3
39. Rb8 Kf7 40. Kd7 Rxb8 41. cxb8=N 1-0

[Event "Open Ricany 2011"]
[Site "http://www.openricany.cz"]
[Date "2011.08.20"]
[Round "1.41"]
[White "Luzikova, Nicola"]
[Black "Pavlicek, Pavel"]
[Result "0-1"]
[WhiteElo "1797"]
[BlackElo "2013"]

1. d4 Nf6 2. c4 g6 3. Nc3 d5 4. cxd5 Nxd5 5. e4 Nxc3 6. bxc3 Bg7 7. Bc4 O-O
8. Ne2 c5 9. O-O Nc6 10. Be3 Qc7 11. dxc5 Rd8 12. Qc2 Ne5 13. Bd5 e6 14. Bb3 Ng4
15. Bf4 Qxc5 16. h3 Ne5 17. Rfd1 Bd7 18. Be3 Qa5 19. Bd4 Rac8 20. Rac1 Bb5
21. a4 Bc6 22. f4 Nd7 23. Bxg7 Kxg7 24. Nd4 Nc5 25. Nxc6 Rxc6 26. Rxd8 Qxd8
27. Bc4 Rd6 28. Re1 Rd2 29. Qb1 Qh4 30. Re2 Rxe2 31. Bxe2 Qxf4 32. Bf3 Qe3+
33. Kh1 Qxc3 34. Qd1 Nd3 35. Qe2 Qe1+ 36. Qxe1 Nxe1 37. Be2 Nc2 38. Kg1 Kf6 0-1

[Event "Open Ricany 2011"]
[Site "http://www.openricany.cz"]
[Date "2011.08.20"]
[Round "1.9"]
[White "Vorackova, Jarmila"]
[Black "Balacek, Tadeas"]
[Result "1/2-1/2"]
[WhiteElo "1929"]
[BlackElo "2251"]

1. d4 Nf6 2. c4 g6 3. Nc3 Bg7 4. e4 d6 5. f4 O-O 6. Nf3 c5 7. d5 e6 8. Be2 exd5
9. exd5 Bf5 10. O-O Ne4 11. Nxe4 Bxe4 12. Bd3 Re8 13. f5 Nd7 14. fxg6 fxg6
15. Ng5 Bxd3 16. Qxd3 Bd4+ 17. Kh1 Ne5 18. Qh3 Qd7 19. Qxd7 Nxd7 20. Ne6 Rxe6
21. dxe6 Ne5 22. Bh6 Ng4 23. Bf4 Nf2+ 24. Rxf2 Bxf2 25. Bxd6 Re8 26. e7 Kf7
27. Rf1 1/2-1/2

[Event "Open Ricany 2011"]
[Site "http://www.openricany.cz"]
[Date "2011.08.20"]
[Round "1.37"]
[White "Soltys, Roman"]
[Black "Matejovsky, Ondrej"]
[Result "0-1"]
[WhiteElo "1825"]
[BlackElo "2030"]

1. d4 d5 2. Nf3 Nf6 3. e3 Bf5 4. c4 c6 5. Nc3 e6 6. cxd5 exd5 7. Be2 Bd6 8. O-O
Nbd7 9. Bd2 Ne4 10. Re1 Ndf6 11. Bf1 Ng4 12. Re2 Ng5 13. h3 Nxf3+ 14. gxf3 Nh2
15. e4 Nxf3+ 16. Kh1 dxe4 17. Nxe4 O-O 18. Bg2 Nxd2 19. Qxd2 Bc7 20. Rae1 Qh4
21. Re3 Bf4 22. Ng3 Bxh3 23. Qb4 Bxe3 24. Rxe3 Rae8 25. Rxe8 Rxe8 26. Kg1 Bxg2
27. Kxg2 Qe7 28. Qd2 h6 29. Nf5 Qe4+ 0-1

[Event "Open Ricany 2011"]
[Site "http://www.openricany.cz"]
[Date "2011.08.20"]
[Round "1.36"]
[White "Koper, Stefan"]
[Black "Vitek, J"]
[Result "1-0"]
[WhiteElo "2032"]
[BlackElo "1832"]

1. d4 d5 2. c4 c6 3. cxd5 cxd5 4. Nc3 e6 5. Nf3 Nf6 6. Bg5 Nbd7 7. e3 Qa5
8. Bxf6 Nxf6 9. Bd3 Bb4 10. Qb3 Bd7 11. O-O Rc8 12. Rfc1 O-O 13. Ne5 Bc6 14. a3
Bxc3 15. Qxc3 Qxc3 16. Rxc3 Nd7 17. Nf3 Nf6 18. Ne5 Ne4 19. Bxe4 dxe4 20. Rac1
a5 21. Nxc6 bxc6 22. Rxc6 Rb8 23. R1c2 g6 24. g3 Rb5 25. Kf1 Kg7 26. R6c5 Rfb8
27. Rxb5 Rxb5 28. h4 f5 29. Ke2 e5 30. dxe5 Rxe5 31. a4 Rd5 32. Rc6 Rd3 33. Rb6
Rd7 34. Rb5 Rc7 35. Kd1 Rd7+ 36. Kc2 Rc7+ 37. Kb3 Rd7 38. Rc5 h6 39. Rxa5 Rd2
40. Rc5 Rxf2 41. a5 Rf3 42. Rc3 Rf2 43. a6 Rd2 44. a7 Rd8 45. Ka4 g5 46. hxg5
hxg5 47. b4 Ra8 48. Rc7+ Kf6 49. b5 f4 50. gxf4 gxf4 51. exf4 e3 52. b6 e2
53. Rc1 Rc8 54. Rxc8 e1=Q 55. a8=Q Qd1+ 56. Ka5 Qd2+ 57. Ka6 Qa2+ 58. Kb7 Qf7+
59. Kb8 1-0

[Event "Open Ricany 2011"]
[Site "http://www.openricany.cz"]
[Date "2011.08.20"]
[Round "1.42"]
[White "Macek, Kamil"]
[Black "Filip, Vojtech"]
[Result "1/2-1/2"]
[WhiteElo "2012"]
[BlackElo "1784"]

1. e4 d5 2. exd5 Qxd5 3. d4 c6 4. c4 Qa5+ 5. Nc3 Bf5 6. Nf3 e6 7. g3 Nf6 8. Bg2
Ne4 9. Qb3 Bb4 10. O-O Nxc3 11. bxc3 Bxc3 12. Qxb7 Bxa1 13. Qxa8 O-O 14. Bf4 Bc3
15. Bxb8 Qb6 16. Ne5 Rxb8 17. Qxc6 Bxd4 18. Qxb6 Bxb6 19. Nc6 Re8 20. Rd1 e5
1/2-1/2